| 000 | 00443nam a2200193Ia 4500 | ||
|---|---|---|---|
| 005 | 20240823052115.0 | ||
| 008 | 240823s9999||||xx |||||||||||||| ||und|| | ||
| 020 | _a9789-93-83103-06-5 | ||
| 041 | _aENGLISH | ||
| 082 | _A629.892 Q4 | ||
| 100 | _aJaganathan P | ||
| 245 | 0 | _aRobotics | |
| 250 | _a6th | ||
| 260 |
_c2014 _b"Lakshmi Publications,Ch" |
||
| 500 | _aYES | ||
| 650 |
_aRobotics _bMechanical |
||
| 942 | _cBK | ||
| 999 |
_c221098 _d221098 |
||